000 00399pab a2200157 454500
008 180718b2011 xxu||||| |||| 00| 0 eng d
100 _aChan, Stephen
245 _aOwnership, transient rights, spiritual source, nostalgia: Land and its discontents
260 _c2011
300 _ap.167-168.
362 _aJun
650 _aLand value
773 _aDevelopment
908 _aN
909 _a92604
999 _c92604
_d92604